| 000 | 00474nam a2200169 i 4500 | ||
|---|---|---|---|
| 001 | 47323 | ||
| 003 | ES-MaACL | ||
| 005 | 20230906161537.0 | ||
| 007 | t| | ||
| 008 | 030407s1880 it ||||1| ita d | ||
| 100 | 1 |
_aCoppi, Ettore. _940426 |
|
| 245 | 1 | 3 |
_aLe université italiane nel Medio Evo / _cEttore Coppi. |
| 250 | _a2ª ed. | ||
| 260 |
_aFirenze : _b[s.n., _c1880] ( _fImp. di Minorandi Corregendi) |
||
| 300 |
_aXII, 324 p. ; _c22 cm. |
||
| 852 |
_aES-MaACL _jF-10655 |
||
| 999 |
_c47323 _d47323 |
||